000 00901nam a22001817a 4500
999 _c59197
_d59197
003 Ge_BSU
005 20221213123632.0
008 221213s1976ge xxu||||| |||| 00| 0 geo d
041 _ageo
080 _a821.112.2(494)-31 დ-55
100 _aდიურენმატი, ფრიდრიჰ, ავტორი.
_916382
245 _aმოსამართლე და მისი ჯალათი :
_bრომანი /
_cფრიდრიჰ დიურენმატი ; თარგმანი გერმ. წინასიტყვ. და შენიშვნები კ. ჯორჯანელისა.
264 _aბათუმი :
_bსაბჭოთა აჭარა,
_c1976.
300 _a92 გვ. ;
_b20 სმ.
653 _aრომანი
700 _aჯორჯანელი, კ
_eმთარგმნელი
_916001
942 _2udc
_cBK